Un Posto Per Me Nel Tuo Cuore

محفوظ في:
التفاصيل البيبلوغرافية
المؤلف الرئيسي: Barbara Taylor Bradford
التنسيق: كتاب
اللغة:لغة غير معروفة
منشور في: Edzione Mondatori
الوسوم: إضافة وسم
لا توجد وسوم, كن أول من يضع وسما على هذه التسجيلة!

MARC

LEADER 00000nam a2200000Ia 4500
001 R-427
003 CODICE-MESSINA
005 20260212102451.0
008 260211s9999 xx 000 0 und d
040 |c importazione_messina 
100 |a Barbara Taylor Bradford 
245 0 |a Un Posto Per Me Nel Tuo Cuore 
260 |b Edzione Mondatori 
942 |2 ddc  |c BK 
952 |0 0  |1 0  |2 ddc  |4 0  |6 SCAFFALE_2_000000000000000__ROMANZI  |7 0  |9 31247  |a ME  |b ME  |d 2026-02-11  |l 0  |o SCAFFALE 2 - ROMANZI  |p R-427  |r 2026-02-11 23:52:25  |w 2026-02-11  |x [REVISIONARE]  |y BK 
999 |c 26911  |d 26911